00279nam a2200121Ia 4500008004100000041000900041082001600050100001900066245002500085260003100110300000800141650000800149230718s9999 xx 000 0 und d aEng. a3406bSOD-M aSodhi, Khushid 0amedical Jusispudence aPakistanbPunjab Lawc2016 a539 aLaw